01540nam a2200217 a 4500008004100000020001800041041000800059092001900067100002900086245008800115250001200203260003000215300001000245500011700255505062800372590005801000655001801058942001301076999001501089952021801104100617t2013||||ag a|||g |||| pa1pj spa d a9789876043335 aspa c808.8l29sGHI1 aGhiglione, Roberto93291 aCuentos para antes de apagar la luz.b(20 expresiones cortas) /cRoberto Ghiglione. a1a ed.  aNeuquén:bEDUCO;c2013. a63 p. aGhiglione, R. (2013). Cuentos para antes de apagar la luz. (20 expresiones cortas). (1a ed.). Neuquén : EDUCO. aDesde una prosa alegre y didáctica, el autor apela a sus conocimientos históricos, de alto contenido cultural, e incursiona en un ramillete de pasiones humanas. Algunas veces con remates inocentes, otras con perspectiva y sorpresa. Presenta cuentos salidos de las consignas, rápidos y comprometidos; cuentos modernos, ninguno vano. Todos invocan los problemas de nuestras vidas cotidianas y nos dejan sabor a fábula, a ejemplo. Se posan con ironía en las pesadillas diarias e invocan la soledad, el castigo, el agradecimiento, los prejuicios, la decencia, tragedia y crimen, sacrificio y amor, bondad y milagro... aProyecto 4to libro. Donación EDUCO, Septiembre 2017 aCuentos92945 2ddccLIT c2452d2452 00102ddc4070aBFMbBFMcCRd2017-09-19eProyecto 4to libro. Donación EDUCO, Septiembre 2017.l0o 808.8 29 GLIp3919r2017-09-19tEj. 1w2017-09-19yLITzProyecto 4to libro. Donación EDUCO, Septiembre 2017.